Pročnosť materialov i elementov konstrukcij pri statičeskom nagruženii : Izobranyje trudy v trech tomach. Tom 1 /
Uložené v:
| Hlavný autor: | |
|---|---|
| Médium: | Kniha |
| Jazyk: | Russian |
| Vydavateľské údaje: |
Kijev :
Naukova dumka,
1985
|
| Predmet: | |
| Tagy: |
Žiadne tagy, Buďte prvý, kto otaguje tento záznam!
|
MARC
| LEADER | 00000nam a22000003a 4500 | ||
|---|---|---|---|
| 001 | stu41834 | ||
| 005 | 20150617225719.1 | ||
| 008 | 940124s1985----xxr-----------------rus-d | ||
| 040 | |a STU |b slo | ||
| 041 | 0 | |a rus | |
| 044 | |a xxr | ||
| 080 | |a 620.172/.178 | ||
| 100 | 1 | |a Serensen, Sergej V |4 aut | |
| 245 | 1 | |a Pročnosť materialov i elementov konstrukcij pri statičeskom nagruženii : |b Izobranyje trudy v trech tomach. Tom 1 / |c [aut.]Sergej V. Serensen | |
| 260 | |a Kijev : |b Naukova dumka, |c 1985 | ||
| 300 | |a 262 s | ||
| 650 | 7 | |a materiály |2 stusub | |
| 650 | 7 | |a skúšanie |2 stusub | |
| 650 | 7 | |a ťažnosť |2 stusub | |
| 996 | |b 284M012844 |c M*5308/1-1 |l MMKN |s A |a 24 |w stu41834_0001 | ||